000 01071nam a22003497a 4500
001 BR0603403
003 BR-BrBNA
005 20230928102229.0
007 ta
008 230509b bl.||||| |||| 00| 0 por d
040 _aBR-BrBNA
_bpor
_cBiblioteca Nacional de Agricultura
041 _a(Por)
072 _aE50; E12
090 _ E50 BR0603403
100 1 _aZarattini, R.C.
100 1 _aChuves, S.C.A.(coords.)
110 1 _aServiço Nacional de Aprendizagem Rural, Brasília, DF (Brasil)
110 1 _aInstituto Nacional de Segutro Social, Brasília, DF (Brasil)
245 1 _aProjeto cidadania rural; manual de orientação da previdência social na área rural
260 3 _aBrasília, DF (Brasil):
_c2004.
300 _a184 p.
650 _aPREVIDÊNCIA RURAL
650 _aTRABALHADOR RURAL
650 _aPRODUTOR RURAL
650 _aCOOPERATIVA
650 _aDIREITO RURAL
650 _aDIREITO DO TRABALHO
650 _aPROJETO DE DESENVOLVIMENTO
650 _aSOCIOLOGIA RURAL
909 _a202309
_bLucia
_c55
_dLucia Elande
942 _cBK
999 _c69765
_d69765